Top 11 scottish goal scorers in Champions League - Statistics

General Stats
  • This quiz has been taken 357 times
  • The average score is 4 of 11
Answer Stats
Position Player Goals For which clubs % Correct
MD Darren Fletcher 3 Manchester United
76%
FW Kenny Miller 5 Celtic Glasgow, Glasgow Rangers
76%
FW Ally McCoist 4 Glasgow Rangers
72%
MD Ian Ferguson 2 Glasgow Rangers
61%
DF Richard Gough 2 Glasgow Rangers
31%
MD Ian Durrant 5 Glasgow Rangers
28%
MD Gary McAllister 2 Glasgow Rangers
25%
DF Dominic Matteo 2 Leeds United
20%
MD Charlie Adam 2 Glasgow Rangers
18%
DF Lee McCulloch 2 Glasgow Rangers
12%
MD Barry Robson 2 Celtic Glasgow
9%
No matching quizzes found
Score Distribution
Percent of People with Each Score
Percentile by Number Answered
Your Score History
You have not taken this quiz